Missing Word: Best Country Songs (A-Z) Quiz Stats

 Plays Quiz Updated Oct 7, 2015

Challenge
Share
Tweet
Embed
Score 0/24 Timer 03:00
2 Plays Today
Song Missing Word % Correct
I Will ____ Love YouAlways
98.2%
Forever and ____, AmenEver
92%
Coal Miner's ____Daughter
88.5%
Devil Went Down to _____Georgia
87%
Mommas Don't Let Your Babies Grow Up to Be _____Cowboys
83.5%
Boot Scootin' ____Boogie
80%
Friends In Low ____Places
79.5%
Hey Good ____Lookin
74.5%
_____ Prison BluesFolsom
68.8%
____ Open SpacesWide
67.6%
I ____ You DanceHope
67.2%
_____ By Your ManStand
67.2%
Song Missing Word % Correct
He Stopped Loving Her ____Today
58.6%
Don't Rock the ____Jukebox
55.5%
Amarillo By ____Morning
53.9%
____ DayIndependence
52%
Take Me Home, Country ____Roads
50.1%
Seven ____ AcheYear
50%
____ From MuskogeeOkie
47.6%
Harper _____ PTAValley
45.6%
Before the ____ Teardrop FallsNext
40%
Will the Circle Be _____Unbroken
38.2%
Blue Moon of ____Kentucky
37.7%
Here's a ____Quarter
36.7%

Today's Daily Dose

You're not logged in!

Compare scores with friends on all Sporcle quizzes.
OR
Log In

You Might Also Like...

Show Comments

Extras

Top Quizzes Today


Score Distribution

Your Account Isn't Verified!

In order to create a playlist on Sporcle, you need to verify the email address you used during registration. Go to your Sporcle Settings to finish the process.

Report this User

Report this user for behavior that violates our Community Guidelines.

Details: